[Event "IRI-ch Online"]
[Site "Chess.com INT"]
[Date "2021.03.17"]
[Round "7"]
[White "Baghdar, Artin"]
[Black "Rezaeii, Amirreza"]
[Result "1-0"]
[WhiteElo "1622"]
[BlackElo "1401"]
[PlyCount "65"]
[EventDate "2021.03.15"]
[EventType "swiss (rapid)"]
[EventRounds "11"]
[EventCountry "IRI"]
[SourceTitle "CBM 201 Extra"]
[Source "ChessBase"]
[SourceDate "2021.05.31"]
[SourceVersion "1"]
[SourceVersionDate "2021.05.31"]
[SourceQuality "1"]

1. e4 c5 2. Nc3 a6 3. g3 e6 4. Bg2 Qc7 5. Nge2 Nf6 6. d3 Be7 7. h3 Nc6 8. 0-0 0-0 9. Be3 b5 10. f4 d6 11. Qd2 Bb7 12. g4 Nd7 13. Ng3 Bh4 14. Bf2 Nd4 15. Bxd4 cxd4 16. Nce2 Rac8 17. Rac1 h6 18. Kh2 e5 19. Nf5 Bd8 20. g5 exf4 21. gxh6 g6 22. Qxf4 d5 23. Nd6 Bg5 24. Qxg5 Qxd6+ 25. Kh1 dxe4 26. Ng3 Qe5 27. Rf5 Qe6 28. Rcf1 Kh7 29. Bxe4 Bxe4+ 30. Nxe4 Rxc2 31. h4 Ne5 32. Qg3 Nxd3 33. Ng5+ 1-0

[Event "IRI-ch U16"]
[Site "Chess.com INT"]
[Date "2021.01.16"]
[Round "6"]
[White "Rezaeii, Amirreza"]
[Black "Robatmili, Amirhosein"]
[Result "1-0"]
[WhiteElo "1401"]
[BlackElo "1197"]
[PlyCount "57"]
[EventDate "2021.01.16"]
[EventType "swiss"]
[EventRounds "11"]
[EventCountry "IRI"]
[SourceTitle "EXT 2022"]
[Source "ChessBase"]
[SourceDate "2021.10.06"]
[SourceVersion "1"]
[SourceVersionDate "2021.10.06"]
[SourceQuality "1"]

1. e4 e5 2. Nf3 Nf6 3. d4 Nc6 4. dxe5 Nxe4 5. Qd5 Nc5 6. Bg5 Be7 7. Bc4 0-0 8. Bxe7 Qxe7 9. 0-0 Re8 10. Re1 h6 11. c3 b6 12. b4 Ne6 13. b5 Nf4 14. Qe4 Ng6 15. bxc6 dxc6 16. Qxg6 Be6 17. Qe4 Bxc4 18. Qxc4 Qd7 19. Na3 Rad8 20. Nd4 c5 21. e6 fxe6 22. Nxe6 Kh8 23. Nxd8 Rxe1+ 24. Rxe1 Qxd8 25. Nb5 a6 26. Na7 Qd2 27. Re8+ Kh7 28. Qe4+ g6 29. Qe7# 1-0

[Event "IRI-ch U16"]
[Site "Chess.com INT"]
[Date "2021.01.16"]
[Round "10"]
[White "Rezaeii, Amirreza"]
[Black "Taghvaei, Iman"]
[Result "0-1"]
[WhiteElo "1401"]
[BlackElo "1596"]
[PlyCount "72"]
[EventDate "2021.01.16"]
[EventType "swiss"]
[EventRounds "11"]
[EventCountry "IRI"]
[SourceTitle "EXT 2022"]
[Source "ChessBase"]
[SourceDate "2021.10.06"]
[SourceVersion "1"]
[SourceVersionDate "2021.10.06"]
[SourceQuality "1"]

1. e4 d6 2. d4 Nf6 3. Nc3 g6 4. Be3 Bg7 5. Qd2 Ng4 6. Bf4 e5 7. Bg5 f6 8. Bh4 exd4 9. Qxd4 Nc6 10. Qd2 Be6 11. h3 Nge5 12. Nd5 g5 13. Bg3 Qd7 14. f4 gxf4 15. Bxf4 f5 16. exf5 Bxd5 17. Qxd5 Qxf5 18. Qd2 Rf8 19. Ne2 Nc4 20. Qd3 Qxd3 21. cxd3 Nxb2 22. Kd2 Nxd3 23. Rb1 Nxf4 24. Nxf4 Rxf4 25. Rxb7 Kd7 26. Bb5 a6 27. Be2 Rb8 28. Rxb8 Nxb8 29. Bg4+ Kd8 30. Rb1 Nd7 31. Re1 Ne5 32. Rb1 Nxg4 33. hxg4 Rf2+ 34. Ke3 Rxg2 35. Kf3 Rxa2 36. Rh1 h6 0-1